000 00233nam a22000857a 4500
008 160630b xxu||||| |||| 00| 0 eng d
100 _91463
_aChandavarkar, S
245 _aThe Littlest Wave
260 _aNew Delhi
_b National Book Trust
_c1983
999 _c1211
_d1211